LEADER 01128nam a2200265 a 4500 001 000000044538 003 CaOOAMICUS 005 20130924125250.0 008 990428s1931 gw u000 u ger u 035 $a10821648 040 $aPUL(R)$bita 100 1 $aKoro?ec, Viktor.$0(OLS)http://pul/name/16242 245 10$aHethitische Staatsverträge :$bein Beitrag zu ihrer juristischen Wertung /$cvon Dr. Viktor Koro?ec. 260 $aLeipzig :$bWeicher,$c1931. 300 $a118 p. ;$c26 cm 490 1 $aLeipziger rechtswissenschaftliche Studien ;$vHft. 60 500 $aInclude indici. 504 $aBibliografia a pič pagina. 650 4$aHittiti.$0(OLS)http://pul/subject/16606 830 0$aLeipziger rechtswissenschaftliche Studien ;$vHft. 60.$0(OLS)http://pul/title/11496 850 $aPUL 852 $aPUL$W1$xDP2 Diritto e Scienze Sociali 1$y65$m210 B 3$j59927$nBK-PRI$qStampati$B59927$CPULBib$Z2$F59927 $82 941 1 $a8 996 $6245$aHethitische Staatsverträge :$bein Beitrag zu ihrer juristischen Wertung$9(OLS)http://pul/title/60030 996 $6260$aLeipzig :$bWeicher$9(OLS)http://pul/publisher/65782 LEADER 01261nam a2200313 a 4500 001 000000172243 003 CaOOAMICUS 005 20190705110831.0 008 190705s2019 it u000 u ita r 020 $a978-88-6244-709-6* 032 $aLibriCat 040 $aPUL$bita 082 04$a226.3 100 1 $aLa Gioia, Fabio,$csac.,$d1965-$0(OLS)http://pul/name/83464 245 10$aMarco : $banalisi narrativa del Vangelo pių antico /$cFabio La Gioia. 260 $aTodi :$bTau Editrice,$cĐ2019. 300 $a414 p. ;$c24 cm. 490 1 $aLogos 504 $aBibliografia in nota a pič pagina e alle p. 407-412. 630 04$aBiblia.$pN.T.$pMarcus.$0(OLS)http://pul/subject/37837 830 0$aLogos (Tau editrice).$0(OLS)http://pul/title/212678 850 $aPUL 852 $aPUL$W1$xSL Religione 3$y85$m226. 3 LAGFA 1$j196178$qDDC 21$B200930$CPULBib$Z2$F200930 $H132834 $82 941 1 $a9 996 $6020$a978-88-6244-709-6*$9(OLS)http://pul/number/166355 996 $6082$a226.3$9(OLS)http://pul/classification/700 996 $6245$aMarco : $banalisi narrativa del Vangelo pių antico$9(OLS)http://pul/title/213155 996 $6260$aTodi :$bTau Editrice$9(OLS)http://pul/publisher/81367 LEADER 01198nam a2200289 u 4500 001 000000000137 003 CaOOAMICUS 005 20070226104149.0 008 940513s1988 enk u000 u eng u 020 $a086078231X 035 $a10001489 040 $aPUL(R)$bita 100 1 $aUllmann, Walter,$d1910-1983.$0(OLS)http://pul/name/57 245 10$aLaw and jurisdiction in the Middle Ages /$cWalter Ullmann ; edited by George Garnett. 260 $aLondon :$bVariorum reprints,$c1988. 300 $apaginazione varia :$bant. (ritr.) ;$c23 cm 490 1 $aCollected studies series ;$v283 650 4$aDiritto medievale.$0(OLS)http://pul/subject/60 700 1 $aGarnett, George.$0(OLS)http://pul/name/58 830 0$aCollected studies series ;$v283.$0(OLS)http://pul/title/72 850 $aPUL 852 $aPUL$W1$xSL Filosofia 1$y2$m115 H 4$j47$nBK-PRI$b $qStampati$B47$CPULBib$Z2$F47 $H $81 941 1 $a8 961 $aINV: 77613 996 $6020$a086078231X$9(OLS)http://pul/number/76 996 $6245$aLaw and jurisdiction in the Middle Ages$9(OLS)http://pul/title/71 996 $6260$aLondon :$bVariorum reprints$9(OLS)http://pul/publisher/62198